000 00283nam a2200121Ia 4500
005 20251222144712.0
008 251222s9999||||xx |||||||||||||| ||spa||
020 _a978-603-45178-4-4
082 _a336.2/E92/2008
245 0 _aManual Tributario 2008
264 _bTinco
942 _cLIB
999 _c17880
_d17880